| 000 | 01049cam a22003138i 4500 | ||
|---|---|---|---|
| 001 | .b36158999 | ||
| 003 | YEEZEN | ||
| 005 | 20240102145103.0 | ||
| 008 | 210720s2021 ch a b 001 0 chi d | ||
| 020 |
_a9789860622836 _q(平裝) |
||
| 040 |
_aCIP _bchi _cCIP _dCKT _erda |
||
| 041 | 0 | _achi | |
| 042 | _anbic | ||
| 090 |
_a417.51 _b0044b |
||
| 100 | 1 | _a廖華芳 | |
| 245 | 1 | 0 |
_a兒童物理治療學 = _bPediatric physical therapy-health promotion, habilitation and rehabilitation / _c廖華芳作[及其他12人] |
| 246 | 3 | 1 | _aPediatric physical therapy-health promotion,habilitation and rehabilitation. |
| 250 | _a初版 | ||
| 264 | 1 |
_a臺北市 : _b禾楓書局有限公司, _c2021. |
|
| 264 | 2 |
_a臺北市 : _b華騰文化股份有限公司 |
|
| 300 |
_a822面 : _b圖, 表 ; _c21公分 |
||
| 336 |
_atext _btxt _2rdacontent. |
||
| 337 |
_aunmediated _bn _2rdamedia. |
||
| 338 |
_avolume _bnc _2rdacarrier. |
||
| 504 | _a含參考書目及索引 | ||
| 650 | 7 |
_a小兒科 _2lcstt. |
|
| 650 | 7 |
_a物理治療 _2lcstt. |
|
| 942 |
_2ccl _cLNTERM |
||
| 999 |
_c7276 _d7276 |
||